01229nas a2200265Ia 4500001001100000003000900011008004100020040001300061040001300074041001300087100003800100210001500138222001500153245006900168250001100237260002400248501008600272300002700358362002600385500026200411650004300673942000700716999001900723952022100742R137/B2381IT-RoPAU151124c99999999xx |||||||||||| ||und|| aIT-RoPAU cIT-RoPAU aITALIANO aAA.VV. gCodice Aut. SPICS: 12000 aMULTIMEDIA aMultimedia aMULTIMEDIA, ANNO 02-N.09 (1992)bMultimedia, Anno 02-N.09 (1992) a1a ed. aTORINObSONDAc1992 bPaulus - SPICS - Società San Paolo EM (non-commercial uses only)cCopyright2015 a66 p., prefazione [16] aANNO 002, N.09 (1992) aComunicazione, Formazione e Tecnologie. Formazione e Nuova Comunicazione. Comunicazione D'Impresa. Scuola Pubblica e Nuove Tecnologie. Intervista Ad Alberto Grauso su Electa Multimedia. Ecologia dell'Ipermedialità. Notiziario Multimedia. Idea del Memex. A aCOMUNICAZIONEvPUBBLICAZIONE PERIODICA cCR c112430d112430 0010406R_137_000000000000000_B238171aSPICSbSPICSd2015-11-25l0oR137/B2381r2015-11-25 00:00:00w2015-11-25yCRzProgr. Ins: 58149 / Copia rara: NO / date import: 25.11.2015 / By Epidotti, Trombetti, Vaglietti